00393nam a2200157Ia 4500008004100000020001800041041000800059082001700067100001700084245003100101250001100132260004900143300001000192500001800202650001500220260520s2026 xx 000 0 und d a9789332574120 aeng a658.1511/ROB aRobhins, S P aFundamentals of Management a9th ed aNiodabPearson India Edu. S. Pvt. Ltd.c2026 a504p. aCat No: 15078 aMANAGEMENT